00636nam a2200169Ia 450000500170000000800410001702000150005808200130007310000170008624500150010326000280011830000160014650001880016294200060035095200950035699900150045120240826005112.0240331s9999 xx 000 0 und d a0415169143 bWIDa800 aWiddowson, P 0aLiterature aLondonbRoutledgec1999 ax, 229 p ., aThis Introductory volume provides an accessible overview of the history of ' as a cultural concept, and reflects on the contemporary nature, place and function of what ' the literary' cL 001040708LaWERCLbWERCLcSSCd2024-03-31l0o 800 WIDp2731r2024-03-31w2024-03-31yL c3092d3092